| 000 | nam a22 7a 4500 | ||
|---|---|---|---|
| 999 |
_c129242 _d129242 |
||
| 008 | 190326b xxu||||| |||| 00| 0 eng d | ||
| 020 | _a9780415915632 | ||
| 050 | _aBF378.S65 T46 1996 | ||
| 245 |
_aTense past; _bcultural essays in trauma and memory _cedited by Paul Antze and Michael Lambek |
||
| 260 |
_aNew York: _bRoutledge, _cc1996 |
||
| 300 |
_axxxviii, 266p. ; _c23cm. |
||
| 650 |
_aMemory _xsocial aspects _945339 |
||
| 650 |
_aRecovered memory _945340 |
||
| 650 |
_aPsychic trauma _945341 |
||
| 700 |
_aAntze, Paul, ed. _945342 |
||
| 700 |
_aLambek, Michael, ed. _945343 |
||
| 942 |
_2lcc _cMONOGRAPH |
||